| 000 | 01110cam a2200205 4500 | ||
|---|---|---|---|
| 001 | WB@3612-823 | ||
| 008 | 040713n2004 000 0 eng u | ||
| 035 | _a(Sirsi) u126755 | ||
| 245 | _aNew Countryside Code | ||
| 260 | _c2004 | ||
| 490 |
_aCountryside Agency Press Release _v12 July 2004 (3) |
||
| 520 | _aA new Countryside Code to update the original 1950s' country code and to introduce the public's new 'open' access rights, has been launched by the Countryside Agency. In an effort to encourage more people to get out and enjoy the countryside, the message is being advertised with the help of some new characters from popular animation company Aardman (creators of Creature Comforts and Wallace and Gromit). A new website has also been launched in conjunction with the new act: http://www.countrysideaccess.gov.uk. http://www.countryside.gov.uk/WhoWeAreAndWhatWeDo/ pressCentre/ccode.asp | ||
| 590 | _aWB | ||
| 590 | _aWB | ||
| 650 | _aCOUNTRYSIDE CODE | ||
| 650 | _aCOUNTRYSIDE AND RIGHTS OF WAY ACT 2000 | ||
| 650 | _aRIGHTS OF WAY | ||
| 690 | _aRURAL-NATURE CONSERVATION | ||
| 942 | _n0 | ||
| 999 |
_c117681 _d117681 |
||